000 00604nam a2200241Ia 4500
003 OSt
005 20221005120054.0
006 a|||||r|||| 00| 0
007 ta
008 221004b |||||||| |||| 00| 0 kan d
024 _a60896
037 _cTextual
040 _aCRL
_cCRL
_bkan
041 _2kan
_akan
082 _aO33,3NDI,5, J9
100 _aMawan Mane Au.
_9628500
245 0 _aDashrathi Dikhsit
260 _c1959
650 _a KANNAD LITERATURE
650 _aKANNAD FICTION
942 _hO33,3NDI,5, J9
_cTEXL
_2cc
999 _c1036806
_d1036806